000 02862nam a2200301 a 4500
003 DO-SdBNP
005 20221020151950.0
007 ta
008 220927t2006 dr aco|gr||||o001 s eng d
040 _aDO-SdBNP
_bspa
_cBNPHU
041 _heng
082 4 _222
_bR426c
110 1 _975495
_aPresidencia de la República
_cComisión Permanente de Efemérides Patrias
245 1 0 _aCompendium of speeches information y communication tecnology (ICT and devolopment). /
_cCompilador Amparo Arango, John R. Gagain; Traductor Katia Rojas, Vivian Sundset, Yumari Torres
260 _aSanto Domingo :
_b(COPDES),
_c2006.
300 _a[47] p. :
_bil., fotogr., retr. ;
_c22 cm.
505 _aMensage to the Inaugral Meeting of the U.N. Global Aliance for ICTs and Developmen.
_gSpeeches.
_tKeynote Adres, Opening Ceremony of the 36th Session of the General Asembly of the Organization of American States - OAS (Santo Domingo, Domincn Republic) 4 june 2006.--
_tKeynote Speech on Inflrmation and Commnunication Technology for Development & National Strategie and the Milenium Development Goals, Global Roundtable Forum on Innovation and Investiment: Scaling Science and Technology to Meet the Milienium Denvelopment Goals, Sponsored by the U.N. Milenium Project, U.N. ICT Task Force, and U:N: fund for International Partnerships (U.N. Word Sumnit, U:N: Headquarters) 13 September 2005
_tKeynote Speech, ITC as an Enabler for Growth, Developmen and Competitiiveness; Implication for National and International polices and actions / Partnership for Development: Information adn Knowledge for Development, UNCTAD XI (Sao Paulo, Brasil) 16 june 2004.--
_tWord Summnit on the Information Society - First Phase: Geneva 2003 Roundtable 3: ICT as a toll to achieve the Milennium Development Goals. 11 December 2003.--
_gHonorable Dr. Margarita Cedeño de Fernández, Fist Lady of the Dominican Republic:
_tIn repesentation of H.E. Dr. Leonel Fernández President of the Dominican Republic, Head of Delegation to the World Summit on the Information Society (WSIS), Tunis, U:N: DESA High - Level Round Table on "Putting ICTs to work for the United Nations, Development Agenda, Including the Milennium DEvelopmen Goals" (Tunisia, Africa) 17 November 2005.--
_tIn represntation of H.E. Dr. Leonel Fernández, President of the Domincan Republic, Launch of the Degital Solidarity Fund - DSF (Genova, Switzerland,) 14 March 2005.
590 _aInventariado 2022 / MF
650 4 _930670
_aDiscursos presidenciales
_zRepública Dominicana
651 4 _93992
_aRepública Dominicana
_xDiscursos parlamentarios
_y2003 - 2006
700 1 _952107
_aArango, Amparo,
_ecomp.
700 1 _aGagain, John R.,
_ecomp.
_982450
700 1 _aRojas, Katia,
_etrad.
_982451
700 1 _aSundset, Vivian,
_etrad.
_982452
700 1 _aTorres, Yumari,
_etrad.
_982453
910 _aMFeliz
942 _2ddc
_cLF2
999 _c52487
_d52487